000 006440000a22001930004500
999 _c54102
_d54102
001 768714001
003 CO-MdFUSB
005 20170810170525.0
008 170810s1999 xxu||||| |||| 00| 0 eng d
022 _a0098-9444
040 _aCO-MdFUSB
_bspa
_cCO-MdFUSB
_dCO-MdFUSB
041 _aeng
100 1 _aJacobson, David
_e28 cm.
245 1 0 _aSacred geometry :
_bunlocking the secret of the temple mount (Part 2)
300 _aVolumen 25. Número 5 (1999), Páginas 54-63
_c28 cm.
546 _aTexto en inglés
773 0 _tBiblical Archaeology Review
_049395
_959478
_gVolumen 25. Número 5 (1999), Páginas 54-63
_qPágina 54
942 _cANA